<?xml version="1.0" encoding="UTF-8"?>
<resp>
  <nextPage>https://data.bn.org.pl/api/networks/bibs.marcxml?marc=001+b00001150001299&amp;sinceId=1150001300</nextPage>
  <collection>
    <record xmlns='http://www.loc.gov/MARC21/slim'><leader>01196nam a2200349 i 4500</leader><controlfield tag='001'>b00001150001299</controlfield><controlfield tag='005'>20260403094907.1</controlfield><controlfield tag='008'>230609s        pl           |000 0 pol c</controlfield><controlfield tag='009'>9913261751905606</controlfield><datafield ind1=' ' ind2=' ' tag='020'><subfield code='a'>8324119302</subfield></datafield><datafield ind1=' ' ind2=' ' tag='035'><subfield code='a'>KR_1KR_1_20120317225716081421-48omnis_kr</subfield></datafield><datafield ind1=' ' ind2=' ' tag='035'><subfield code='a'>KR_1_20120317225716081421</subfield><subfield code='9'>ExL</subfield></datafield><datafield ind1=' ' ind2=' ' tag='035'><subfield code='a'>(PL)b00001150001299</subfield></datafield><datafield ind1=' ' ind2=' ' tag='040'><subfield code='a'>KR_1</subfield><subfield code='c'>KR_1</subfield></datafield><datafield ind1='1' ind2=' ' tag='041'><subfield code='a'>pol</subfield><subfield code='h'>eng</subfield></datafield><datafield ind1='1' ind2=' ' tag='100'><subfield code='a'>Wiseman, Richard</subfield></datafield><datafield ind1='1' ind2='0' tag='245'><subfield code='a'>Kod szczęścia /</subfield><subfield code='c'>Richard Wiseman ; przekł. Agata Kowalczyk.</subfield></datafield><datafield ind1=' ' ind2=' ' tag='260'><subfield code='a'>W-wa :</subfield><subfield code='b'>&quot;Amber&quot;,</subfield><subfield code='c'>2004.</subfield></datafield><datafield ind1=' ' ind2=' ' tag='300'><subfield code='a'>221 s. :</subfield><subfield code='b'>rys., wykr. ;</subfield><subfield code='c'>21 cm.</subfield></datafield><datafield ind1='1' ind2=' ' tag='490'><subfield code='a'>Inteligencja i Emocje</subfield></datafield><datafield ind1=' ' ind2=' ' tag='500'><subfield code='a'>n</subfield></datafield><datafield ind1=' ' ind2=' ' tag='502'><subfield code='a'>Na okł. podtyt.: dlaczego jedni mają w życiu szczęście, a inni pecha.</subfield></datafield><datafield ind1=' ' ind2='9' tag='650'><subfield code='a'>Osobowość</subfield><subfield code='x'>psychologia</subfield><subfield code='v'>wydawnictwa popularne</subfield></datafield><datafield ind1=' ' ind2='9' tag='650'><subfield code='a'>Szczęście</subfield><subfield code='v'>wydawnictwa popularne</subfield></datafield><datafield ind1='1' ind2=' ' tag='700'><subfield code='a'>Kowalczyk, Agata</subfield><subfield code='c'>(medycyna)</subfield><subfield code='e'>Tł.</subfield></datafield><datafield ind1=' ' ind2=' ' tag='852'><subfield code='b'>48OMNIS_NETWORK</subfield><subfield code='8'>9913261751905606</subfield></datafield><datafield ind1=' ' ind2=' ' tag='852'><subfield code='b'>48OMNIS_KR</subfield><subfield code='8'>991000012989708216</subfield></datafield><datafield ind1=' ' ind2=' ' tag='852'><subfield code='8'>2215624200008216</subfield><subfield code='j'>1</subfield><subfield code='b'>KR_7_1</subfield><subfield code='p'>KR_7_0007099</subfield><subfield code='c'>KR_7_1_1</subfield></datafield><datafield ind1=' ' ind2=' ' tag='920'><subfield code='a'>83-241-1930-2</subfield></datafield></record>
  </collection>
</resp>
